[Event "London Chess Classic op 10th"]
[Site "London"]
[Date "2018.12.09"]
[Round "1"]
[White "Tighe, Kevin J"]
[Black "Helps, David"]
[Result "0-1"]
[WhiteElo "1241"]
[BlackElo "1557"]
[PlyCount "80"]
[EventDate "2018.12.09"]
[EventType "swiss"]
[EventRounds "5"]
[EventCountry "ENG"]
[SourceTitle "EXT 2021"]
[Source "ChessBase"]
[SourceDate "2020.10.23"]
[SourceVersion "1"]
[SourceVersionDate "2020.10.23"]
[SourceQuality "1"]

1. d4 d5 2. f4 Nf6 3. e3 e6 4. Bd3 c5 5. c3 c4 6. Bc2 a6 7. Nf3 b5 8. 0-0 g6 9. Nbd2 Bg7 10. b3 0-0 11. Ba3 Re8 12. Ne5 Qc7 13. Rc1 Bb7 14. Rf3 Nbd7 15. Rh3 Ne4 16. Nxe4 dxe4 17. Qf1 f6 18. Nxd7 Qxd7 19. bxc4 bxc4 20. Bc5 Bd5 21. Qd1 Bf8 22. Ba4 Bc6 23. Bc2 Bxc5 24. dxc5 Qe7 25. Qd6 Qxd6 26. cxd6 Red8 27. Rd1 Bd5 28. Rd4 f5 29. a4 Rab8 30. Rg3 Rxd6 31. Bd1 Rb1 32. h4 Rc1 33. Kh2 Rxc3 34. h5 Kf7 35. hxg6+ hxg6 36. Kh3 Rd8 37. Kh2 Rd3 38. Rxd3 exd3 39. Kg1 c3 40. Bf3 c2 0-1